000 00308nas a2200121Ia 4500
008 150201s2011 xx 000 0 und d
245 _aIndian Journal of Nutrition & Dietetics
260 _c2011
310 _aMonthly
500 _aNATIONAL
650 _aOther Clinical & Non Clinical Books
942 _2ddc
_cLJ
999 _c6183
_d6183